[Event "DEM U10/U10w 2014"]
[Site "Magdeburg GER"]
[Date "2014.06.11"]
[Round "6"]
[White "Dobrikov, Marco"]
[Black "Hundrieser, Malte"]
[Result "1-0"]
[Termination "normal"]
[Board "4"]
[WhiteElo "1695"]
[BlackElo "1429"]
[WhiteClock "00:39:26"]
[BlackClock "00:42:41"]
[PlyCount "57"]
[WhiteFideId "12950378"]
[BlackFideId "12997153"]
[EventCountry "GER"]
[EventRounds "11"]
[EventType "swiss"]
[EventDate "2014.06.07"]

1. e4 e5 2. Nf3 Nc6 3. Bb5 a6 4. Ba4 Nf6 5. d3 b5 6. Bb3 Bc5 7. O-O O-O 8. c3
d6 9. Nbd2 Bb7 10. Re1 Re8 11. Nf1 h6 12. Ng3 d5 13. exd5 Nxd5 14. d4 exd4 15.
Rxe8+ Qxe8 16. Bxd5 dxc3 17. Bxc6 Bxc6 18. bxc3 Rd8 19. Qf1 b4 20. c4 Rd7 21.
Bb2 f6 22. Rd1 Re7 23. Nd4 Bb7 24. Ngf5 Re4 25. h3 Qa4 26. Nb3 Ba7 27. Qd3 Re8
28. Qg3 g5 29. Qxc7 1-0

[Event "DEM U10/U10w 2014"]
[Site "Magdeburg GER"]
[Date "2014.06.11"]
[Round "6"]
[White "Trifan, Andrei Ioan"]
[Black "Astner, Sebastian"]
[Result "1-0"]
[Termination "normal"]
[Board "5"]
[WhiteElo "1689"]
[BlackElo "1389"]
[WhiteClock "01:00:15"]
[BlackClock "01:03:11"]
[PlyCount "23"]
[WhiteFideId "12967068"]
[BlackFideId "12979422"]
[EventCountry "GER"]
[EventRounds "11"]
[EventType "swiss"]
[EventDate "2014.06.07"]

1. e4 e5 2. Nf3 f5 3. Bc4 fxe4 4. Nxe5 Qg5 5. Nf7 Qxg2 6. Rf1 Nf6 7. Nxh8 Ng4
8. d4 Be7 9. Qe2 Nc6 10. c3 Nxh2 11. Qh5+ Kd8 12. Nf7+ 1-0

[Event "DEM U10/U10w 2014"]
[Site "Magdeburg GER"]
[Date "2014.06.11"]
[Round "6"]
[White "Brunner, Sophia"]
[Black "Sulayev, Daniel"]
[Result "1-0"]
[Termination "normal"]
[Board "6"]
[WhiteElo "1339"]
[BlackElo "1584"]
[WhiteClock "00:09:03"]
[BlackClock "00:44:22"]
[PlyCount "43"]
[WhiteFideId "12960683"]
[BlackFideId "12977675"]
[EventCountry "GER"]
[EventRounds "11"]
[EventType "swiss"]
[EventDate "2014.06.07"]

1. d4 Nf6 2. Nc3 g6 3. e4 d6 4. Bf4 Bg7 5. Qd2 O-O 6. O-O-O Nbd7 7. f3 c5 8.
dxc5 Nxc5 9. g4 Nfd7 10. h4 Qa5 11. Nge2 b5 12. Kb1 Ne5 13. Bxe5 Bxe5 14. Nd5
Qd8 15. h5 Kg7 16. hxg6 fxg6 17. f4 e6 18. fxe5 exd5 19. Qh6+ Kf7 20. Qxh7+ Ke8
21. Qxg6+ Rf7 22. Rh8+ 1-0

[Event "DEM U10/U10w 2014"]
[Site "Magdeburg GER"]
[Date "2014.06.11"]
[Round "6"]
[White "Krastev, Alexander"]
[Black "Grund, Sebastian"]
[Result "1-0"]
[Termination "normal"]
[Board "7"]
[WhiteElo "1599"]
[BlackElo "1424"]
[PlyCount "51"]
[WhiteFideId "12989983"]
[BlackFideId "12988626"]
[EventCountry "GER"]
[EventRounds "11"]
[EventType "swiss"]
[EventDate "2014.06.07"]

1. e4 c5 2. Nc3 e6 3. Nf3 a6 4. d4 cxd4 5. Nxd4 Qc7 6. Qf3 Bc5 7. Bf4 Qb6 8.
Nb3 Bd6 9. O-O-O Bxf4+ 10. Qxf4 Nc6 11. Qg3 g6 12. h4 Nf6 13. Qf3 Nh5 14. g4
Ne5 15. Qg2 Nf6 16. Be2 d6 17. f4 Nc6 18. Rxd6 Qe3+ 19. Kb1 Qxf4 20. Rhd1 Nd7
21. Na4 Qe5 22. Nc3 Nb6 23. Qf2 Bd7 24. Qxb6 Rd8 25. Nc5 Bc8 26. Rxd8+ 1-0

[Event "DEM U10/U10w 2014"]
[Site "Magdeburg GER"]
[Date "2014.06.11"]
[Round "6"]
[White "Marschall, Tillmann"]
[Black "Post, Hugo"]
[Result "0-1"]
[Termination "normal"]
[Board "8"]
[WhiteElo "1423"]
[BlackElo "1682"]
[PlyCount "126"]
[WhiteFideId "12973220"]
[BlackFideId "12962490"]
[EventCountry "GER"]
[EventRounds "11"]
[EventType "swiss"]
[EventDate "2014.06.07"]

1. e4 c5 2. c3 d5 3. exd5 Qxd5 4. d4 Nf6 5. Nf3 Nc6 6. Be2 Bf5 7. c4 Qd8 8. d5
Nb4 9. Na3 g6 10. Bd2 a6 11. Bxb4 cxb4 12. Nc2 Bg7 13. Nfd4 Bxc2 14. Nxc2 O-O
15. O-O Ne4 16. Rb1 Qa5 17. Bf3 Nd6 18. Qe1 Qxa2 19. Nxb4 Qxc4 20. Qd2 Qd4 21.
Qxd4 Bxd4 22. Rfe1 Bf6 23. b3 Bc3 24. Nd3 Bxe1 25. Rxe1 Rfc8 26. b4 Rc3 27. Rd1
Kf8 28. Kf1 b6 29. Ne5 Ke8 30. Nc6 e6 31. Re1 Kd7 32. Ne5+ Kc7 33. dxe6 Rf8 34.
Bd5 fxe6 35. Bxe6 Rc2 36. f3 Rb2 37. Rc1+ Kb7 38. Bd5+ Ka7 39. Nc6+ Ka8 40. Ra1
Kb7 41. b5 Nxb5 42. Rc1 Kc7 43. Na5+ Kd7 44. Nc4 Rb4 45. Nxb6+ Ke7 46. Be4 Rxe4
47. Nc4 Re6 48. Na5 Rff6 49. Nb3 Rc6 50. Rd1 Rc3 51. Nc1 a5 52. Ne2 Rc5 53. Ra1
Ra6 54. Nc1 Rc3 55. Ke2 a4 56. Rb1 Ra5 57. Kd2 Rc5 58. Na2 Na3 59. Rb7+ Kd6 60.
Nc3 Nc4+ 61. Kd3 Kc6 62. Rb4 Ne5+ 63. Kd4 a3 0-1

[Event "DEM U10/U10w 2014"]
[Site "Magdeburg GER"]
[Date "2014.06.11"]
[Round "6"]
[White "Hinrichs, Paul"]
[Black "Evering, Sören"]
[Result "1-0"]
[Termination "normal"]
[Board "9"]
[WhiteElo "1532"]
[BlackElo "1424"]
[PlyCount "48"]
[WhiteFideId "12942545"]
[BlackFideId "12974650"]
[EventCountry "GER"]
[EventRounds "11"]
[EventType "swiss"]
[EventDate "2014.06.07"]

1. d4 Nf6 2. c4 e6 3. Nc3 Bb4 4. e3 O-O 5. Nf3 d6 6. Be2 Nbd7 7. O-O e5 8. dxe5
dxe5 9. Qc2 Re8 10. Rd1 Bxc3 11. Qxc3 Qe7 12. b3 b6 13. Bb2 Bb7 14. Rac1 Rad8
15. h3 h6 16. a3 Ne4 17. Qc2 Nef6 18. b4 c5 19. b5 a6 20. a4 a5 21. Nh2 Qe6 22.
Bf3 e4 23. Bg4 Nxg4 24. Nxg4 Nf8 1-0

[Event "DEM U10/U10w 2014"]
[Site "Magdeburg GER"]
[Date "2014.06.11"]
[Round "6"]
[White "Bui, Bao Anh Le"]
[Black "Lohr, Maximilian"]
[Result "1-0"]
[Termination "normal"]
[Board "10"]
[WhiteElo "1551"]
[BlackElo "1420"]
[PlyCount "89"]
[WhiteFideId "12970719"]
[BlackFideId "12999717"]
[EventCountry "GER"]
[EventRounds "11"]
[EventType "swiss"]
[EventDate "2014.06.07"]

1. e4 d5 2. exd5 Qxd5 3. Nc3 Qa5 4. d4 c6 5. Nf3 Nf6 6. Bc4 Bf5 7. Bd2 e6 8.
Ne5 Nbd7 9. Bb3 Qc7 10. Qe2 Bd6 11. g4 Bxe5 12. gxf5 Bxd4 13. fxe6 fxe6 14.
Qxe6+ Kd8 15. O-O-O Re8 16. Qf5 Re5 17. Qd3 Bxc3 18. Bxc3 Re7 19. Rhe1 Rxe1 20.
Rxe1 Qxh2 21. Bxf6+ gxf6 22. Rd1 Qf4+ 23. Kb1 Qg4 24. f3 Qh3 25. Qd6 Ke8 26.
Be6 Qh5 27. Bxd7+ Kf7 28. Qe6+ Kf8 29. Qxf6+ Qf7 30. Qxf7+ Kxf7 31. Bf5 h6 32.
c3 Re8 33. Bg4 Re5 34. Rd7+ Re7 35. Rxe7+ Kxe7 36. Kc2 Kd6 37. Kd3 Kd5 38. c4+
Ke5 39. Ke3 c5 40. f4+ Kd6 41. Ke4 a6 42. a4 Kc6 43. f5 Kd6 44. f6 h5 45. f7
1-0

[Event "DEM U10/U10w 2014"]
[Site "Magdeburg GER"]
[Date "2014.06.11"]
[Round "6"]
[White "Kirchner, Markus"]
[Black "Kosev, Momchil"]
[Result "1-0"]
[Termination "normal"]
[Board "11"]
[WhiteElo "1409"]
[BlackElo "1483"]
[PlyCount "75"]
[WhiteFideId "12979163"]
[BlackFideId "12975982"]
[EventCountry "GER"]
[EventRounds "11"]
[EventType "swiss"]
[EventDate "2014.06.07"]

1. e4 c5 2. Nf3 d6 3. d4 cxd4 4. Nxd4 Nf6 5. Nc3 a6 6. Be3 e5 7. Nb3 Be7 8. f3
Be6 9. Qd2 O-O 10. O-O-O Nbd7 11. g4 Qc7 12. h4 Rac8 13. Kb1 b5 14. h5 Nb6 15.
g5 b4 16. Bxb6 Qxb6 17. Na4 Qc6 18. gxf6 Bxf6 19. Be2 Qxa4 20. Qxd6 Rc6 21. Qd2
h6 22. Bd3 Bg5 23. Qe2 Rfc8 24. Rhg1 Bxb3 25. axb3 Qa5 26. Bc4 Qc7 27. Rd3 Qb6
28. Rgd1 R8c7 29. Rd5 Bf6 30. Rd7 Be7 31. Rxc7 Rxc7 32. Bxa6 Ra7 33. Bb5 Qa5
34. Ba4 Qc5 35. Rd5 Qg1+ 36. Ka2 Qg5 37. Qb5 Qxh5 38. Qb8+ 1-0

[Event "DEM U10/U10w 2014"]
[Site "Magdeburg GER"]
[Date "2014.06.11"]
[Round "6"]
[White "Deleré, Adrian"]
[Black "Pauls, Fynn"]
[Result "1/2-1/2"]
[Termination "normal"]
[Board "12"]
[WhiteElo "1447"]
[BlackElo "1382"]
[PlyCount "63"]
[WhiteFideId "12990400"]
[BlackFideId "16213149"]
[EventCountry "GER"]
[EventRounds "11"]
[EventType "swiss"]
[EventDate "2014.06.07"]

1. e4 e5 2. Nf3 Nc6 3. Nc3 Nf6 4. d4 exd4 5. Nxd4 Bc5 6. Be3 Bb6 7. Bc4 d6 8.
f3 O-O 9. O-O Bd7 10. Qd2 Re8 11. Rad1 Qe7 12. Rfe1 Nxd4 13. Bxd4 Bxd4+ 14.
Qxd4 Qe5 15. Qxe5 Rxe5 16. Nd5 Nxd5 17. Bxd5 Bc6 18. Bxc6 bxc6 19. c4 Rb8 20.
b3 f6 21. Re2 f5 22. Rde1 Rbe8 23. Kf2 fxe4 24. Rxe4 Rxe4 25. Rxe4 Rxe4 26.
fxe4 Kf7 27. Ke3 Ke6 28. Kd4 c5+ 29. Kd3 Ke5 30. Ke3 c6 31. a3 a5 32. a4
1/2-1/2

[Event "DEM U10/U10w 2014"]
[Site "Magdeburg GER"]
[Date "2014.06.11"]
[Round "6"]
[White "Meinschien, Finn"]
[Black "Nguyen, Alex Dac-Vuong"]
[Result "0-1"]
[Termination "normal"]
[Board "13"]
[WhiteElo "1300"]
[BlackElo "1812"]
[PlyCount "82"]
[WhiteFideId "12989665"]
[BlackFideId "12984388"]
[EventCountry "GER"]
[EventRounds "11"]
[EventType "swiss"]
[EventDate "2014.06.07"]

1. e4 e6 2. d4 d5 3. e5 c5 4. c3 Nc6 5. Nf3 Qb6 6. Bd3 cxd4 7. cxd4 Bd7 8. O-O
Nxd4 9. Nxd4 Qxd4 10. Nc3 a6 11. Qe2 Qb6 12. Qc2 Ne7 13. Qe2 Nc6 14. Qh5 Be7
15. b3 Qd4 16. Qh3 Qxc3 17. Bf4 Nxe5 18. Bxe5 Qxe5 19. Rfe1 Qf6 20. Rac1 e5 21.
Qe3 e4 22. Bf1 O-O 23. Rc7 Bc6 24. Rc1 Bd6 25. R7xc6 bxc6 26. Rxc6 Bxh2+ 27.
Kxh2 Qxc6 28. Be2 Qh6+ 29. Qxh6 gxh6 30. f3 f5 31. fxe4 fxe4 32. g4 Rf2+ 33.
Kg3 Rxe2 34. g5 Rf8 35. gxh6 e3 36. a4 Rf6 37. b4 Ref2 38. b5 Rg6+ 39. Kh3 Rf1
40. Kh2 Rf5 41. b6 Rh5# 0-1

[Event "DEM U10/U10w 2014"]
[Site "Magdeburg GER"]
[Date "2014.06.11"]
[Round "6"]
[White "Gelfenbaum, Daniel"]
[Black "Prieb, Robert"]
[Result "1/2-1/2"]
[Termination "normal"]
[Board "14"]
[WhiteElo "1719"]
[BlackElo "1260"]
[PlyCount "106"]
[WhiteFideId "12965634"]
[BlackFideId "16212002"]
[EventCountry "GER"]
[EventRounds "11"]
[EventType "swiss"]
[EventDate "2014.06.07"]

1. e4 e6 2. d4 d5 3. Nc3 dxe4 4. Nxe4 Nd7 5. Nf3 Ngf6 6. Nxf6+ Nxf6 7. Bd3 c5
8. dxc5 Bxc5 9. O-O O-O 10. Bg5 b6 11. Qe2 Bb7 12. Rad1 Qc7 13. Bxf6 gxf6 14.
Rfe1 Rfd8 15. Nd2 Bf8 16. Ne4 Bg7 17. Qh5 Qc6 18. Qh3 h6 19. Re3 f5 20. Rg3 Kf8
21. Nc3 Rd7 22. Qh4 Rad8 23. Qb4+ Qc5 24. Qxc5+ bxc5 25. Re1 Bxc3 26. bxc3 f6
27. Rxe6 Kf7 28. Re1 Be4 29. Bc4+ Bd5 30. Bxd5+ Rxd5 31. Kf1 Rd2 32. Re2 Rd1+
33. Re1 R1d2 34. Re2 Rd1+ 35. Re1 R1d2 36. Rge3 Rxc2 37. Re7+ Kg6 38. Rxa7 Rxc3
39. Re3 Rc1+ 40. Re1 Rc3 41. Re3 Rc1+ 42. Re1 Rc3 43. a4 c4 44. a5 Ra3 45. Rc1
c3 46. Rc7 Rxa5 47. R7xc3 Rad5 48. Ke2 Rd2+ 49. Ke1 f4 50. R3c2 R2d3 51. Rc3
Rd2 52. R3c2 R2d3 53. Rc3 Rd2 1/2-1/2

[Event "DEM U10/U10w 2014"]
[Site "Magdeburg GER"]
[Date "2014.06.11"]
[Round "6"]
[White "Khamenya, Vitalia"]
[Black "Wu, Leon"]
[Result "0-1"]
[Termination "normal"]
[Board "15"]
[WhiteElo "1230"]
[BlackElo "1568"]
[PlyCount "72"]
[WhiteFideId "12959260"]
[BlackFideId "12977438"]
[EventCountry "GER"]
[EventRounds "11"]
[EventType "swiss"]
[EventDate "2014.06.07"]

1. e4 c5 2. b3 e6 3. Bb2 d5 4. exd5 exd5 5. Nf3 Nf6 6. d4 Nc6 7. Bb5 Bd7 8.
Bxc6 Bxc6 9. O-O Be7 10. dxc5 Bxc5 11. Re1+ Be7 12. Ba3 Ne4 13. Nfd2 Bxa3 14.
Nxe4 Be7 15. Ng3 O-O 16. Nd2 Bf6 17. Rb1 Qa5 18. Nf3 Qxa2 19. Nh5 Bc3 20. Qd3
Bxe1 21. Ng5 Bxf2+ 22. Kxf2 f5 23. Qc3 d4 24. Qc4+ Kh8 25. Qg8+ Kxg8 26. Re1
Qxc2+ 27. Re2 d3 28. Rxc2 dxc2 29. Ne6 Rf7 30. Nexg7 Rxg7 31. Nxg7 Kxg7 32. g4
c1=Q 33. gxf5 Qd2+ 34. Kf1 Re8 35. f6+ Kxf6 36. h4 Qg2# 0-1

[Event "DEM U10/U10w 2014"]
[Site "Magdeburg GER"]
[Date "2014.06.11"]
[Round "6"]
[White "Weihrauch, Jakob"]
[Black "Ziegenfuß, Antonia"]
[Result "1-0"]
[Termination "normal"]
[Board "16"]
[WhiteElo "1220"]
[BlackElo "1705"]
[PlyCount "87"]
[WhiteFideId "16210115"]
[BlackFideId "12962554"]
[EventCountry "GER"]
[EventRounds "11"]
[EventType "swiss"]
[EventDate "2014.06.07"]

1. e4 e5 2. Nf3 d6 3. d4 Nf6 4. Bg5 Be7 5. Nbd2 Nbd7 6. c3 O-O 7. Qc2 h6 8.
Bxf6 Bxf6 9. Bd3 Re8 10. O-O-O c6 11. Rhe1 b5 12. b3 a5 13. d5 Bb7 14. dxc6
Bxc6 15. Nf1 Qb6 16. Kb2 Rec8 17. Qd2 b4 18. c4 a4 19. Bc2 Be7 20. Qe3 Qb7 21.
Ng3 Bf8 22. Nf5 Qc7 23. Qd2 Qa5 24. Ra1 Nc5 25. g4 Nb7 26. g5 h5 27. N3h4 Qb6
28. g6 f6 29. Ng3 Ra6 30. Qe2 Qd4+ 31. Kb1 a3 32. Bd3 Nc5 33. Rd1 Ne6 34. Nxh5
Ng5 35. f3 Bd7 36. Qc2 Qc5 37. Be2 Qf2 38. Ng3 Ne6 39. Nhf5 Nf4 40. Rf1 Qxh2
41. Rh1 Qg2 42. Qd1 Bxf5 43. Nxf5 Nxe2 44. Qd5# 1-0

[Event "DEM U10/U10w 2014"]
[Site "Magdeburg GER"]
[Date "2014.06.11"]
[Round "6"]
[White "Musiolik, David"]
[Black "Gericke, Luis"]
[Result "1-0"]
[Termination "normal"]
[Board "17"]
[WhiteElo "1435"]
[BlackElo "1161"]
[PlyCount "120"]
[WhiteFideId "12972355"]
[BlackFideId "16212525"]
[EventCountry "GER"]
[EventRounds "11"]
[EventType "swiss"]
[EventDate "2014.06.07"]

1. d4 d5 2. e3 Nf6 3. Nf3 Bf5 4. Nbd2 c6 5. b3 e6 6. Bb2 Bd6 7. Be2 O-O 8. O-O
Qc7 9. h3 Nbd7 10. Nh4 Bg6 11. Nxg6 hxg6 12. c4 dxc4 13. Nxc4 Be7 14. Rc1 Rac8
15. Bf3 c5 16. Qe2 cxd4 17. Bxd4 Qb8 18. Qb2 b5 19. Na5 Rxc1 20. Rxc1 a6 21.
Bb7 Bb4 22. Nc6 Qxb7 23. Nxb4 Rc8 24. Rxc8+ Qxc8 25. Qc3 Qxc3 26. Bxc3 Ne4 27.
Be1 Ndc5 28. f3 Nd6 29. Bg3 Nf5 30. Bf4 a5 31. Nc6 a4 32. g4 Nh6 33. Bd6 axb3
34. axb3 Nxb3 35. Ne7+ Kh7 36. Nc6 f5 37. Na7 fxg4 38. fxg4 Nd2 39. Nxb5 Nc4
40. Bc5 Ne5 41. Nc7 Nd7 42. Nxe6 Nxc5 43. Nxc5 g5 44. Kf2 Kg6 45. Kf3 Kf6 46.
Ke4 Nf7 47. Kd5 Ke7 48. Ne6 Kf6 49. e4 g6 50. e5+ Nxe5 51. Nxg5 Kxg5 52. Kxe5
Kh4 53. Kf6 Kxh3 54. g5 Kg4 55. Kxg6 Kh4 56. Kh6 Kg4 57. g6 Kf5 58. g7 Kf6 59.
g8=Q Kf5 60. Qe8 Kf4 1-0

[Event "DEM U10/U10w 2014"]
[Site "Magdeburg GER"]
[Date "2014.06.11"]
[Round "6"]
[White "Hassemeier, Mika"]
[Black "Krause, Marc"]
[Result "1-0"]
[Termination "normal"]
[Board "18"]
[WhiteElo "1409"]
[BlackElo "1083"]
[PlyCount "121"]
[WhiteFideId "12994880"]
[BlackFideId "12985724"]
[EventCountry "GER"]
[EventRounds "11"]
[EventType "swiss"]
[EventDate "2014.06.07"]

1. c4 Nf6 2. Nc3 g6 3. d4 Bg7 4. e4 d6 5. f3 c5 6. dxc5 dxc5 7. Qxd8+ Kxd8 8.
Be3 b6 9. O-O-O+ Kc7 10. Bd3 Bb7 11. Nge2 Nc6 12. Nd5+ Nxd5 13. cxd5 Ne5 14.
Bf4 a6 15. Bc2 Kd7 16. Nc3 b5 17. Be3 c4 18. h3 Rac8 19. Kb1 Rhd8 20. f4 Nd3
21. Bxd3 cxd3 22. Rxd3 Rc4 23. e5 Bh6 24. g3 Ke8 25. Rhd1 e6 26. dxe6 Rxd3 27.
exf7+ Kxf7 28. Rxd3 Ke7 29. Nd5+ Ke6 30. Nc3 Ke7 31. Rd4 Rc8 32. Nd5+ Ke6 33.
Nf6 Rc7 34. Rd6+ Kf7 35. Rd7+ Rxd7 36. Nxd7 Ke7 37. Nc5 Bc8 38. Kc2 a5 39. g4
Bg7 40. Bd2 a4 41. Kc3 Bd7 42. Nxd7 Kxd7 43. Kb4 Kc6 44. e6 Bxb2 45. e7 Kd7 46.
Kxb5 Kxe7 47. Kxa4 Kd6 48. Kb5 Kc7 49. Ba5+ Kb7 50. f5 Bd4 51. Bd8 Kc8 52. Be7
Kd7 53. Bg5 h5 54. fxg6 hxg4 55. hxg4 Bg7 56. a4 Ke8 57. a5 Kf8 58. Be3 Be5 59.
Kc6 Kg7 60. a6 Bb8 61. Kb7 1-0

[Event "DEM U10/U10w 2014"]
[Site "Magdeburg GER"]
[Date "2014.06.11"]
[Round "6"]
[White "Kunisch, Nina"]
[Black "Englert, Jon"]
[Result "1-0"]
[Termination "normal"]
[Board "19"]
[WhiteElo "1201"]
[BlackElo "1375"]
[PlyCount "49"]
[WhiteFideId "12982849"]
[BlackFideId "12992275"]
[EventCountry "GER"]
[EventRounds "11"]
[EventType "swiss"]
[EventDate "2014.06.07"]

1. e4 d6 2. d4 Nf6 3. Nc3 g6 4. f4 Bg7 5. Nf3 c6 6. Be2 Nbd7 7. e5 dxe5 8. dxe5
Ng8 9. O-O b6 10. Bc4 h6 11. e6 fxe6 12. Bxe6 Nc5 13. Bf7+ Kxf7 14. Qxd8 Nd7
15. Ne5+ Bxe5 16. fxe5+ Ke6 17. Qe8 Nxe5 18. Re1 Kf6 19. Ne4+ Ke6 20. b3 Bb7
21. Nc5+ Kf6 22. Rf1+ Kg7 23. Ne6+ Kh7 24. Qf7+ Nxf7 25. Rxf7# 1-0

[Event "DEM U10/U10w 2014"]
[Site "Magdeburg GER"]
[Date "2014.06.11"]
[Round "6"]
[White "Zeuner, Ole"]
[Black "Yi, Danny"]
[Result "0-1"]
[Termination "normal"]
[Board "20"]
[WhiteElo "1154"]
[BlackElo "1369"]
[PlyCount "180"]
[WhiteFideId "12943576"]
[BlackFideId "12988588"]
[EventCountry "GER"]
[EventRounds "11"]
[EventType "swiss"]
[EventDate "2014.06.07"]

1. e4 e5 2. Nf3 Nc6 3. Bc4 Bc5 4. c3 Nf6 5. d4 exd4 6. e5 Ng4 7. cxd4 Bb4+ 8.
Nc3 O-O 9. h3 d5 10. exd6 Re8+ 11. Be2 Nf6 12. dxc7 Qxc7 13. O-O Bf5 14. Be3
Rad8 15. Qb3 Bd6 16. Nb5 Qd7 17. Nxd6 Qxd6 18. Bc4 Be6 19. Bxe6 Rxe6 20. Rac1
Na5 21. Qc2 Nd5 22. Rfe1 Ree8 23. Qc5 Qxc5 24. Rxc5 Nc6 25. Bd2 Rxe1+ 26. Bxe1
Nf4 27. Bc3 h6 28. Rc4 Rd6 29. Kf1 Nd3 30. Ke2 b5 31. Rxc6 Nf4+ 32. Kf1 Rxc6
33. h4 Nd3 34. g3 b4 35. Bd2 Nxb2 36. Bxb4 Rc1+ 37. Kg2 Rd1 38. Bc5 a6 39. a3
Na4 40. Ba7 f6 41. h5 Kf7 42. Nh4 Ke7 43. Ng6+ Kd7 44. Bb8 Rxd4 45. Nf8+ Kc8
46. Bf4 Nc5 47. Ng6 Nd3 48. Be3 Ra4 49. Nf8 Ra5 50. g4 Rxa3 51. Ne6 Ra4 52. Kg3
Ne5 53. f3 Ra3 54. Kf2 g5 55. hxg6 Nxg6 56. Ng7 Ra2+ 57. Kg3 a5 58. Nh5 a4 59.
Nxf6 a3 60. Bd4 Rc2 61. Ng8 a2 62. Nxh6 Rc1 63. Nf5 a1=Q 64. Bxa1 Rxa1 65. Nd4
Ra3 66. Nf5 Ne5 67. Nd4 Rd3 68. Nf5 Rxf3+ 69. Kh4 Rf4 70. Nh6 Kd7 71. Kg5 Rf3
72. Kh4 Ke7 73. Kg5 Nf7+ 74. Kh5 Rh3+ 75. Kg6 Nxh6 76. g5 Nf7 77. Kf5 Nxg5 78.
Kxg5 Rf3 79. Kg4 Rf6 80. Kg5 Ke6 81. Kg4 Rf5 82. Kg3 Ke5 83. Kg2 Ke4 84. Kg3
Rf4 85. Kg2 Rf3 86. Kh2 Rf2+ 87. Kg3 Ke3 88. Kh4 Kf4 89. Kh3 Ra2 90. Kh4 Rh2#
0-1

[Event "DEM U10/U10w 2014"]
[Site "Magdeburg GER"]
[Date "2014.06.11"]
[Round "6"]
[White "Rudolph, Eva"]
[Black "Buchloh, Adrian"]
[Result "0-1"]
[Termination "normal"]
[Board "21"]
[WhiteElo "1129"]
[BlackElo "1463"]
[PlyCount "130"]
[WhiteFideId "16200594"]
[BlackFideId "12960675"]
[EventCountry "GER"]
[EventRounds "11"]
[EventType "swiss"]
[EventDate "2014.06.07"]

1. e4 Nf6 2. e5 Nd5 3. d4 d6 4. exd6 cxd6 5. Nf3 e6 6. Bd3 Bd7 7. O-O Nc6 8. c4
Nb6 9. Bf4 Be7 10. Nc3 Nxd4 11. Nxd4 e5 12. Bxe5 dxe5 13. Nf3 f6 14. Re1 O-O
15. Qe2 Qc7 16. Qe4 g6 17. Nd5 Nxd5 18. cxd5 Bd6 19. Rac1 Qb6 20. b3 f5 21. Qh4
e4 22. Ng5 h5 23. Be2 Qd8 24. Bxh5 gxh5 25. Qxh5 Qe7 26. f3 Bf4 27. d6 Qxg5 28.
Qxg5+ Bxg5 29. Rc7 Bc6 30. fxe4 fxe4 31. d7 Bd8 32. Rc8 Bb6+ 33. Kh1 Raxc8 34.
dxc8=Q Rxc8 35. h3 Rf8 36. Kh2 e3 37. Kg3 Bb5 38. a4 Bf1 39. h4 e2 40. Kg4 Bf2
41. Rc1 e1=Q 42. Rxe1 Bxe1 43. Kg5 Bxh4+ 44. Kxh4 Bxg2 45. Kg3 Bd5 46. b4 Bb3
47. a5 a6 48. Kg2 Rf7 49. Kg1 Ba4 50. Kg2 Kf8 51. Kg3 Ke7 52. Kg2 Ke6 53. Kg3
Ke5 54. Kg4 Rf8 55. Kg3 Ke4 56. Kg2 Ke3 57. Kg1 Ke2 58. Kg2 Rg8+ 59. Kh3 Kf3
60. Kh4 Rg1 61. Kh5 Kf4 62. Kh6 Kf5 63. Kh7 Kf6 64. Kh8 Kf7 65. Kh7 Rh1# 0-1

[Event "DEM U10/U10w 2014"]
[Site "Magdeburg GER"]
[Date "2014.06.11"]
[Round "6"]
[White "Marzisch, Darius"]
[Black "Taras, Simon"]
[Result "0-1"]
[Termination "normal"]
[Board "22"]
[WhiteElo "1067"]
[BlackElo "1319"]
[PlyCount "136"]
[WhiteFideId "12997480"]
[BlackFideId "12970972"]
[EventCountry "GER"]
[EventRounds "11"]
[EventType "swiss"]
[EventDate "2014.06.07"]

1. e4 e6 2. d3 d5 3. Nd2 Nc6 4. Ngf3 Bc5 5. g3 Nf6 6. Bg2 dxe4 7. dxe4 e5 8.
O-O O-O 9. Nb3 Bb6 10. Bg5 Qxd1 11. Raxd1 Nxe4 12. Rde1 Nxg5 13. Nxg5 h6 14.
Bxc6 bxc6 15. Nf3 Bh3 16. Rxe5 Bxf1 17. Kxf1 Rfe8 18. Rf5 Rad8 19. Nbd2 Rd5 20.
Rxd5 cxd5 21. a4 f6 22. Nb3 a5 23. Nbd2 c5 24. b3 Rc8 25. Nh4 c4 26. bxc4 dxc4
27. Nf5 Bc5 28. Nxc4 Bb4 29. Nce3 Kh7 30. Ke2 g6 31. Nh4 Rc4 32. Nf3 Rc3 33.
Kd1 Ra3 34. Kc1 Rxa4 35. Kb2 Ra3 36. Nd4 Rc3 37. Nd5 Rc5 38. Nxf6+ Kg7 39. Ne6+
Kxf6 40. Nxc5 Bxc5 41. f3 Ke5 42. c3 a4 43. Kc1 Kd6 44. Kc2 Kd5 45. Kd3 a3 46.
c4+ Ke5 47. Kc3 g5 48. Kb3 Kd4 49. f4 gxf4 50. gxf4 Ke4 51. h4 Kxf4 52. h5 Kg5
53. Ka2 Kxh5 54. Kb1 Kg4 55. Kc2 h5 56. Kd2 a2 57. Ke2 a1=Q 58. Kd3 Qd4+ 59.
Kc2 Bb4 60. Kb3 Bc5 61. Kc2 Qxc4+ 62. Kd2 Qb3 63. Ke2 Qe3+ 64. Kd1 Qf2 65. Kc1
Bb4 66. Kb1 Bc3 67. Kc1 Qd2+ 68. Kb1 Qb2# 0-1

[Event "DEM U10/U10w 2014"]
[Site "Magdeburg GER"]
[Date "2014.06.11"]
[Round "6"]
[White "Hartmann, Katrin"]
[Black "Kamp, Adrian"]
[Result "0-1"]
[Termination "normal"]
[Board "23"]
[WhiteElo "1014"]
[BlackElo "1310"]
[PlyCount "110"]
[WhiteFideId "16200632"]
[BlackFideId "16222466"]
[EventCountry "GER"]
[EventRounds "11"]
[EventType "swiss"]
[EventDate "2014.06.07"]

1. e4 c5 2. Nf3 d6 3. d4 cxd4 4. Nxd4 Nf6 5. Nc3 g6 6. Be3 Ng4 7. Bf4 e5 8. h3
Nf6 9. Bg5 exd4 10. Qxd4 Bg7 11. Nd5 Nbd7 12. Bd3 h6 13. Bf4 Nh5 14. Qe3 Nxf4
15. Qxf4 Ne5 16. Be2 O-O 17. O-O Be6 18. Rad1 Rc8 19. c3 Bxd5 20. Rxd5 Rc5 21.
Rd2 Bf6 22. Qg3 Bh4 23. Qe3 Nc4 24. Bxc4 Rxc4 25. g3 Be7 26. h4 h5 27. Rfd1 Qb6
28. Qf3 Qc6 29. Qe3 Rxe4 30. Qxa7 Qa6 31. Qxa6 bxa6 32. Rd5 Ra4 33. a3 Rb8 34.
Re1 Bf8 35. Re2 Kh7 36. Kg2 Rb6 37. Re8 Bh6 38. Rd8 Rxb2 39. R8xd6 Rxa3 40. c4
Rc2 41. c5 Be3 42. c6 Bxf2 43. Kf1 Ra1+ 44. Kg2 Bc5+ 45. Kf3 Bxd6 46. Rxd6 Rac1
47. Ke4 Rxc6 48. Rd7 Re6+ 49. Kf3 Rc3+ 50. Kf2 Kg7 51. Ra7 Rb6 52. Kg2 Rb2+ 53.
Kh3 Rcc2 54. Rxf7+ Kxf7 55. g4 Rb3# 0-1

[Event "DEM U10/U10w 2014"]
[Site "Magdeburg GER"]
[Date "2014.06.11"]
[Round "6"]
[White "Popist, Florian"]
[Black "Bergauz, Igal"]
[Result "1/2-1/2"]
[Termination "normal"]
[Board "24"]
[WhiteElo "1245"]
[BlackElo "1783"]
[PlyCount "79"]
[WhiteFideId "16203518"]
[BlackFideId "12977284"]
[EventCountry "GER"]
[EventRounds "11"]
[EventType "swiss"]
[EventDate "2014.06.07"]

1. e4 c6 2. d4 d5 3. Nc3 dxe4 4. Nxe4 Bf5 5. Ng3 Bg6 6. Nf3 Nd7 7. h4 h6 8. h5
Bh7 9. Bd3 Bxd3 10. Qxd3 Ngf6 11. Bf4 e6 12. O-O-O Qa5 13. Kb1 Be7 14. Ne4 Nxe4
15. Qxe4 Nf6 16. Qe2 O-O 17. Ne5 Nd5 18. Bd2 Qc7 19. g4 Rac8 20. c4 Nb6 21. g5
hxg5 22. h6 g6 23. Qe4 f5 24. Qg2 Kh7 25. Bxg5 Rg8 26. Rhg1 a5 27. Qh3 Qd8 28.
Qh4 Bxg5 29. Rxg5 c5 30. Qg3 Qf6 31. dxc5 Rxc5 32. Nd7 Qd8 33. Qd3 Qxg5 34.
Nxc5 Qe7 35. Nb3 a4 36. Nc1 Rc8 37. b3 axb3 38. axb3 Ra8 39. Qd4 Ra6 40. Ne2
1/2-1/2